00433nam a2200181Ia 4500003000900000005001700009008004100026040001300067040001300080041000800093100001200101245004900113260003900162300001600201300001200217490001600229490000600245IT-RoPAU20220918175926.0120407s9999 xx 000 0 und d aIT-RoPAU cIT-RoPAU aita aPlatone aApologia di Socrateba cura di Vito Stazzone c1985, 15.a ed.aBresciabLa Scuola axxxvi-78 p. c19,5 cm aIl pensiero v1